000 01089nam2a22002771 4500
001 v19\rc\1954351
005 20251118180935.6
035 _a(NLR Aleph) 005038837
090 _a6771150
_c6771150
100 _a20080428d1913 u y0rusy50 ca
101 0 _arus
102 _aRU
105 _ay z |||||
200 0 _aВып. 1
210 _d1913
215 _a62 с.
461 0 _1001v19\rc\1954350
_12001#$aФракция прогрессистов в 4-й Государственной думе$eСессия 1. 1912-1913 год$e[Обзор деятельности]$vВып. 1
_96771143
_aРоссия. Гос. дума (4)
_cСанкт-Петербург
_d1913
_oСессия 1. 1912-1913 год : [Обзор деятельности]
_p3 т.
_tФракция прогрессистов в 4-й Государственной думе
_vВып. 1
801 0 _aRU
_bNLR
_gpsbo
801 0 _aRU
_bRuMoRGB
_2psbo
801 1 _aRU
_bProSoft-M
_2rusmarc
852 _aNLR
_j37.40.2.16(1)
899 _aRuMoRGB
_jF 79а/127
899 _aБАН
942 _cBOOK
980 _aNB